00563nam a2200193 i 4500001001100000003000500011005001700016008004100033040002500074082001500099100002800114245003400142264005500176300002400231336002100255337002500276338002300301650004500324C2-0235776PPAK20180727195755.0010918s1967 my |||| ||||| | may d aPPAKbengcPPAKerda04a899.232230 aYahaya Ismail, eauthor10aBimbingan sastera Melayu lama 1aKuala Lumpur : bPenerbitan Utusan Melayu , c1967 a165 pages ; c18 cm 2rdacontentatext 2rdamediaaunmediated 2rdacarrieravolume10aMalay literature - History and criticism